Anagram Chain - Elements - Statistics

General Stats
  • This quiz has been taken 1,053 times
  • The average score is 16 of 24
Answer Stats
Hint Answer % Correct
First place -> GOLD
91%
Remove D, L; Add N, A, R ARGON
85%
Remove G, A; Add O, B BORON
85%
Remove O; Add A, C CARBON
84%
Add X XENON
77%
Remove R, N; Add T, L COBALT
73%
Remove I, H, R, L, C; Add N NEON
70%
Remove N; Add Y, G OXYGEN
66%
Remove D, I, E; Add R IRON
65%
Remove G, Y, X; Add, D, Ix2 IODINE
64%
Remove D, O, S; Add L, A, Cx2 CALCIUM
63%
Remove N, O; Add M, U, I RADIUM
62%
Remove A, R; Add O, S SODIUM
62%
Remove T, A, B; Add E, N, R, H, I CHLORINE
61%
Remove I, Add A, D RADON
61%
Remove T; Add C, Z ZINC
61%
Remove I, T, M, A, U TIN
59%
Remove D, C, M; Add N, I, Tx2 TITANIUM
59%
Remove L, C; Add M, D CADMIUM
56%
Remove A, E; Add O, G GOLD
55%
Remove K, C, N; Add R, V, S SILVER
55%
Remove Z; Add L, E, K NICKEL
54%
Remove R, V, S; Add M, H, U HELIUM
53%
Remove M, U, H, I; Add D, A LEAD
53%
No matching quizzes found
Score Distribution
Percent of People with Each Score
Percentile by Number Answered
Your Score History
You have not taken this quiz